Procesos de manufactura
Guardat en:
| Autor principal: | |
|---|---|
| Format: | Llibre |
| Idioma: | espanyol |
| Publicat: |
Ciudad de México
McGraw-Hill Interamericana
2002
|
| Edició: | 1a. ed |
| Matèries: | |
| Etiquetes: |
Afegir etiqueta
Sense etiquetes, Sigues el primer a etiquetar aquest registre!
|
MARC
| LEADER | 00000nam a2200000 a 4500 | ||
|---|---|---|---|
| 001 | UCI2990 | ||
| 003 | CL-VaPUC | ||
| 008 | 071005e20020000MX |||||||||||||||||spa|d | ||
| 020 | |a 9701035739 | ||
| 082 | 0 | 4 | |a 670.42 |b SCH |2 21 |
| 100 | 0 | |a Schey, John A |e author |9 524267 | |
| 245 | 1 | 0 | |a Procesos de manufactura |
| 250 | |a 1a. ed | ||
| 300 | |a 1003 p | ||
| 942 | |c BK | ||
| 945 | |d 20071005 00:00:00 |a cmena | ||
| 260 | |a Ciudad de México |b McGraw-Hill Interamericana |c 2002 | ||
| 650 | 7 | |a MANUFACTURA |2 CL-VaPUC |9 407825 | |
| 650 | 0 | |a Planificación estratégica |9 259735 | |
| 650 | 0 | |a Diseño industrial |9 262726 | |
| 650 | 0 | |a Industria metalúrgica |9 364008 | |
| 650 | 0 | |a ceramica |9 262882 | |
| 650 | 0 | |a Plásticos |9 267415 | |
| 650 | 0 | |a Semiconductores |9 260250 | |
| 650 | 0 | |a Competitividad |9 308495 | |
| 583 | |a last modification |c 20071005 00:00:00 |k Rodrigo Vera | ||
| 999 | |c 327390 |d 327388 | ||
| 952 | |0 0 |1 0 |4 0 |6 670_420000000000000_SCH_2002 |7 0 |8 A |9 410174 |a BIBARQ |b BIBARQ |d 2019-11-22 |i 4338081 |o 670.42 SCH 2002 |p 4338081 |r 2025-01-20 |w 2019-11-22 |y BK |k ARQ | ||